Procopi Llucià : 30 anys de fotografia : Igualada, (1930-1960) / textes i selecció de fotografies de l'Arxiu Històric Comarcal d' Igualada 30 anys de fotografia :
Descripción Física:
[108] p. : principalment il. ; 29 cm
MARC
| LEADER | 00000nam a2200000Ia 4500 | ||
|---|---|---|---|
| 001 | 9094 | ||
| 003 | BGR | ||
| 005 | 20260324175655.0 | ||
| 008 | 160829s9999 xx 000 0 cat d | ||
| 080 | |a B-1-282 | ||
| 110 | 1 | |9 70361 |a Arxiu Històric Comarcal d'Igualada | |
| 245 | |a Procopi Llucià : |b 30 anys de fotografia : |b Igualada, (1930-1960) / textes i selecció de fotografies de l'Arxiu Històric Comarcal d' Igualada | ||
| 260 | |a Igualada : |b l' Arxiu, agost 1990 | ||
| 300 | |a [108] p. : |b principalment il. ; |c 29 cm | ||
| 650 | |a Igualada |x Història |x S. XX |x Llibres de làmines |9 37451 | ||
| 650 | |a Llucià, Procopi |9 37452 | ||
| 901 | |a Arxiu | ||
| 942 | |n 1 |2 udc |c MON | ||
| 952 | |0 0 |1 0 |4 0 |6 B1282 |7 1 |9 47875 |a Arxiu |b Arxiu |d 2016-12-01 |l 0 |o B-1-282 |p 9094 |r 2016-12-01 00:00:00 |w 2016-12-01 |y ARXIU | ||
| 999 | |c 51675 |d 51675 | ||